| 000 | 01049nam a2200349 a 4500 | ||
|---|---|---|---|
| 003 | AR-BaBNM | ||
| 005 | 20251128210511.0 | ||
| 008 | 082120s2002 ||||||||||||||000 | spa|| | ||
| 020 | _a987-9278-10-0 | ||
| 040 | _cAR-BaBNM | ||
| 100 | 1 | _aPiccinali, Héctor Juan | |
| 245 | 0 | 0 | _aSan Martín y Rosas |
| 260 |
_aBuenos Aires _bInstituto Nacional de Investigaciones Históricas Juan Manuel de Rosas _c1998 |
||
| 300 |
_a430 p. _bil., mapas |
||
| 490 | 0 |
_aEstrella Federal _vv. 21 |
|
| 500 | _aContiene referencias bibliográficas | ||
| 650 | 4 | _aHISTORIA ARGENTINA | |
| 650 | 4 | _aGUERRAS DE LA INDEPENDENCIA | |
| 650 | 4 | _aHISTORIA LATINOAMERICANA | |
| 650 | 4 | _aBIOGRAFIAS | |
| 650 | 4 | _aHISTORIA DE LAS IDEAS | |
| 650 | 4 | _aENTREVISTA DE GUAYAQUIL | |
| 650 | 4 | _aCAMPAÑA DE LOS ANDES | |
| 650 | 4 | _aCAMPAÑAS LIBERTADORAS | |
| 650 | 4 | _aROSAS Y SU TIEMPO | |
| 650 | 4 | _aCAUDILLOS ARGENTINOS | |
| 650 | 4 | _aREACCIONES CONTRA ROSAS | |
| 653 | _aMASONERIA | ||
| 800 | 1 |
_aChávez, Fermín _edirector |
|
| 942 | _cBK | ||
| 998 | _cMariana | ||
| 999 |
_c15704 _d15704 |
||